Practising Clinical Supervision : (Record no. 11688)
[ view plain ]
| 000 -LEADER | |
|---|---|
| fixed length control field | 00860nam a22002057a 4500 |
| 008 - FIXED-LENGTH DATA ELEMENTS--GENERAL INFORMATION | |
| fixed length control field | 090528t xxu||||| |||| 00| 0 eng d |
| 020 ## - INTERNATIONAL STANDARD BOOK NUMBER | |
| International Standard Book Number | 9780702027796 |
| 020 ## - INTERNATIONAL STANDARD BOOK NUMBER | |
| International Standard Book Number | 0702027790 |
| 082 ## - DEWEY DECIMAL CLASSIFICATION NUMBER | |
| Edition number | 22 |
| Classification number | 610.7307155 |
| Item number | DRI |
| 100 ## - MAIN ENTRY--PERSONAL NAME | |
| Personal name | Driscoll, John, |
| 9 (RLIN) | 5609 |
| 245 ## - TITLE STATEMENT | |
| Title | Practising Clinical Supervision : |
| Remainder of title | A Reflective Approach for Healthcare Professionals / |
| Statement of responsibility, etc | John Driscoll ; foreword by Tania Yagdich. |
| 250 ## - EDITION STATEMENT | |
| Edition statement | 2nd ed. |
| 260 ## - PUBLICATION, DISTRIBUTION, ETC. (IMPRINT) | |
| Place of publication, distribution, etc | Edinburgh : |
| Name of publisher, distributor, etc | Baillière Tindall Elsevier, |
| Date of publication, distribution, etc | c2007. |
| 300 ## - PHYSICAL DESCRIPTION | |
| Extent | xi, 249 p. ; |
| Dimensions | 25 cm. |
| 504 ## - BIBLIOGRAPHY, ETC. NOTE | |
| Bibliography, etc | Includes bibliographical references and index. |
| 650 ## - SUBJECT ADDED ENTRY--TOPICAL TERM | |
| Topical term or geographic name as entry element | Medical personnel |
| General subdivision | Supervision of. |
| 9 (RLIN) | 5610 |
| 700 ## - ADDED ENTRY--PERSONAL NAME | |
| Personal name | Yegdich, Tania |
| 9 (RLIN) | 5611 |
| 942 ## - ADDED ENTRY ELEMENTS (KOHA) | |
| Source of classification or shelving scheme | Dewey Decimal Classification |
| Item type | Book - Borrowing |
| Withdrawn status | Item status | Source of classification or shelving scheme | Damaged status | Not for loan | Vendor | Home library | Current library | Shelving location | Date acquired | Source of acquisition | Cost, normal purchase price | Serial Enumeration / chronology | Total Checkouts | Full call number | Barcode | Date last seen | Koha item type |
|---|---|---|---|---|---|---|---|---|---|---|---|---|---|---|---|---|---|
| Dewey Decimal Classification | Central Library | Central Library | First floor | 28/05/2009 | 269.00 | 2167 | 610.7307155 DRI | 000016521 | 15/07/2025 | Book - Borrowing |